| 000 | 00534nam a2200193Ia 4500 | ||
|---|---|---|---|
| 005 | 20250326143138.0 | ||
| 008 | 250326s9999 xx 000 0 und d | ||
| 020 | _a81-85054-33-9 | ||
| 037 | _aTextbook | ||
| 040 |
_aFMSL _beng _cFMSL |
||
| 041 |
_aeng _2eng |
||
| 084 |
_aX5:5.1 M7 _qFMSL |
||
| 100 |
_aLieten G _9747205 |
||
| 245 | 0 |
_aDutch Multinational corporations in India _cLieten G |
|
| 260 |
_aNew Delhi _bNew Delhi, Manohar _c1987 |
||
| 300 | _a291p | ||
| 942 |
_cTB _hX5:5.1 M7 |
||
| 999 |
_c1298305 _d1298305 |
||